Kasumavu / (Record no. 10884)
[ view plain ]
| 000 -LEADER | |
|---|---|
| fixed length control field | 00641cam a2200277ua 4500 |
| 041 ## - LANGUAGE CODE | |
| Language code of text/sound track or separate title | mal |
| 082 ## - DEWEY DECIMAL CLASSIFICATION NUMBER | |
| Classification number | 634.573 |
| Item number | POT/KA |
| 100 ## - MAIN ENTRY--AUTHOR NAME | |
| Personal name | Potti, V S . |
| 245 ## - TITLE STATEMENT | |
| Title | Kasumavu / |
| 250 ## - EDITION STATEMENT | |
| Edition statement | 1 / |
| 260 ## - PUBLICATION, DISTRIBUTION, ETC. (IMPRINT) | |
| Place of publication | Thrissur : |
| Name of publisher | Kerala Agricultural University , |
| Year of publication | 1980. |
| 300 ## - PHYSICAL DESCRIPTION | |
| Number of Pages | 42 ; . |
| 942 ## - ADDED ENTRY ELEMENTS (KOHA) | |
| Koha item type | Books |
| Withdrawn status | Lost status | Damaged status | Home library | Current library | Date acquired | Full call number | Accession Number | Koha item type |
|---|---|---|---|---|---|---|---|---|
| KAUAET | KAUAET | 07/04/2012 | 634.573 | 14096 | Books | |||
| KAUAET | KAUAET | 07/04/2012 | 634.573 | 14099 | Books | |||
| KAUAET | KAUAET | 07/04/2012 | 634.573 | 14097 | Books | |||
| KAUAET | KAUAET | 07/04/2012 | 634.573 | 14100 | Books | |||
| KAUAET | KAUAET | 07/04/2012 | 634.573 | 14105 | Books | |||
| KAUAET | KAUAET | 07/04/2012 | 634.573 | 14104 | Books | |||
| KAUAET | KAUAET | 07/04/2012 | 634.573 | 14101 | Books | |||
| KAUAET | KAUAET | 07/04/2012 | 634.573 | 14102 | Books | |||
| KAUAET | KAUAET | 07/04/2012 | 634.573 | 14103 | Books |
